| 000 | 004920000a22001930004500 | ||
|---|---|---|---|
| 020 | _a0-8006-1108-X | ||
| 041 | 0 | _aENG | |
| 082 | 0 | 4 | _aG 173 M1411s |
| 100 | 1 | _aMace, David R. | |
| 245 | 1 | 0 | _aSexual difficulties in marriage / David Mace |
| 260 | _aPhiladelphia, USA : Fortress | ||
| 300 | _a54 Pag. | ||
| 650 | 1 | 4 | _aSEXO EN EL MATRIMONIO |
| 001 | 1274 | ||
| 942 | _cBK | ||
| 999 |
_c32597 _d32597 |
||
| 336 |
_atexto _btxt _2rdacontent |
||
| 337 |
_2rdamedia _asin mediación _bn |
||
| 338 |
_2rdacarrier _avolumen _bnc |
||